| Tag |
First Indicator |
Second Indicator |
Subfields |
| LEADER |
00000cam a2200000 a 4500 |
| 001 |
in00002166607 |
| 006 |
m e d # |
| 007 |
cr mn mmmmabba |
| 008 |
810806s1729 ctui s s000 0 eng d |
| 005 |
20260331150743.8 |
| 035 |
|
|
|z w007271
|
| 035 |
|
|
|a MAAR8108063701B
|
| 035 |
|
|
|9 mwa91-54995
|
| 035 |
|
|
|a 316342
|
| 035 |
|
|
|a aas03007271
|
| 040 |
|
|
|a MWA
|c MWA
|e bdrb
|d UtOrBLW
|
| 110 |
1 |
|
|a Connecticut.
|
| 240 |
1 |
0 |
|a Laws, etc. (Session laws : 1729 Oct.)
|
| 245 |
1 |
0 |
|a Acts and laws passed by the General Court or Assembly of His Majesties colony of Connecticut in NewEngland :
|b begun and held at New-Haven on the ninth day of October, in the third year of the reign of our Sovereign Lord George the Second, of Great Britain, &c. King. Annoque Domini, 1729.
|
| 264 |
|
3 |
|a N. London [i.e., New London, Conn.] :
|b Printed & sold by T. Green, printer to the gov. & Comp.,
|c 1729.
|
| 300 |
|
|
|a pages 369-372 :
|b coat of arms ;
|c 29 cm. (folio)
|
| 336 |
|
|
|a text
|b txt
|2 rdacontent
|
| 337 |
|
|
|a computer
|b c
|2 rdamedia
|
| 338 |
|
|
|a online resource
|b cr
|2 rdacarrier
|
| 500 |
|
|
|a Caption title. At head of title: Anno regni Regis Georgij. II. tertio. Additional act relating to the post-office.
|
| 500 |
|
|
|a Publication statement from colophon.
|
| 500 |
|
|
|a Title vignette: royal coat of arms (Reilly 859).
|
| 510 |
4 |
|
|a Evans
|c 3151
|
| 510 |
4 |
|
|a Johnson, H.A. New London,
|c 262
|
| 530 |
|
|
|a Microform version available in the Readex Early American Imprints series.
|
| 533 |
|
|
|a Electronic text and image data.
|b [Chester, Vt. :
|c Readex, a division of Newsbank, Inc.,
|d 2002-2004.
|e Includes files in TIFF, GIF and PDF formats with inclusion of keyword searchable text.
|f (Early American imprints. First series ; no. 3151).
|
| 500 |
|
|
|a Electronic resource.
|
| 752 |
|
|
|a United States
|b Connecticut
|d New London.
|
| 830 |
|
0 |
|a Early American imprints.
|n Series I,
|p Evans (1639-1800) ;
|v no. 3151.
|
| 856 |
4 |
1 |
|u http://proxy.library.tamu.edu/login?url=https://opac.newsbank.com/select/evans/3151
|y Evans Digital Edition
|t 0
|
| 999 |
|
|
|a MARS
|
| 999 |
f |
f |
|s 32a9656d-714f-3953-850e-efce15acb473
|i 9987cfdf-0087-3df1-aad9-541a3bf98f67
|t 0
|
| 952 |
f |
f |
|a Texas A&M University
|b College Station
|c Electronic Resources
|s www_evans
|d Available Online
|t 0
|h No information provided
|
| 998 |
f |
f |
|t 0
|l Available Online
|